00236nam a2200085Ia 4500008004100000082001500041100001800056245006800074300000800142210430s9999 xx 000 0 und d a485 L1921E aP.L lakhanpal aEssential Documents and Notes on Kashmir DisputecP.L lakhanpal a272